[Event "***Chess Attack!!!***"]
[Site "http://www.queenalice.com/game.php?id=308097"]
[Date "2007.11.22"]
[Round "-"]
[White "Hernani"]
[Black "Pretender"]
[Result "1-0"]
[WhiteElo "2091"]
[BlackElo "1962"]

1. d4 Nf6 2. c4 e6 3. Nf3 c5 4. d5 b5 5. dxe6 fxe6 6. cxb5 d5 7. g3 a6 8. bxa6
Bd6 9. Bg2 O-O 10. O-O Bxa6 11. b3 Qe8 12. Bb2 Qh5 13. a4 Nc6 14. Nc3 Rab8 15.
Nb5 Be7 16. h4 h6 17. Bh3 Bc8 18. e3 Qg6 19. Ne5 1-0

[Event "***Chess Attack !!***"]
[Site "http://www.queenalice.com/game.php?id=311235"]
[Date "2007.11.27"]
[Round "-"]
[White "jhpj"]
[Black "Pretender"]
[Result "1-0"]
[WhiteElo "1869"]
[BlackElo "1929"]

1. e4 c5 2. Nf3 d6 3. Bb5+ Bd7 4. Bxd7+ Qxd7 5. Nc3 e5 6. O-O Nc6 7. d3 Nge7 8.
Bg5 h6 9. Bxe7 Bxe7 10. Nd5 O-O 11. Nxe7+ Qxe7 12. c4 f5 13. a3 f4 14. b4 cxb4
15. axb4 Nxb4 16. Rb1 a5 17. Nh4 Qxh4 18. Qa4 f3 19. gxf3 Qh3 20. Rbc1 Rxf3 21.
Kh1 Raf8 22. Qxa5 Nxd3 23. Rcd1 Nxf2+ 24. Rxf2 1-0

[Event "***Chess Attack !!***"]
[Site "http://www.queenalice.com/game.php?id=311236"]
[Date "2007.11.28"]
[Round "-"]
[White "muki"]
[Black "Pretender"]
[Result "1-0"]
[WhiteElo "2214"]
[BlackElo "1920"]

1. d4 Nf6 2. c4 e6 3. g3 c5 4. d5 exd5 5. cxd5 b5 6. Bg2 d6 7. e4 Nbd7 8. Nf3
Bb7 9. O-O Be7 10. Qe2 Rb8 11. a4 a6 12. axb5 1-0

[Event "Challenge"]
[Site "http://www.queenalice.com/game.php?id=311606"]
[Date "2007.11.28"]
[Round "-"]
[White "jwh"]
[Black "Pretender"]
[Result "1-0"]
[WhiteElo "1830"]
[BlackElo "1900"]

1. e4 c5 2. b4 cxb4 3. a3 d5 4. exd5 Qxd5 5. Nf3 e5 6. Bd3 e4 7. Qe2 Nf6 8. axb4
Kd8 9. Nc3 exd3 10. Nxd5 dxe2 11. Nb6 axb6 12. Rxa8 Bd6 13. Kxe2 Re8+ 14. Kf1
Na6 15. d4 Nc7 16. Ra2 Be6 17. Ra7 Kc8 18. Kg1 Bc4 19. Be3 Ba6 20. b5 Bxb5 21.
Ra1 Nfd5 22. Bd2 Re2 23. Rc1 Bc4 24. h4 Nb5 25. c3 Nf6 26. Be1 Bf4 27. Ra1 Ne4
28. Ra4 Bd3 29. d5 Bd6 30. Ra8+ Bb8 31. Ra1 f6 32. Nd4 1-0

[Event "***Chess Attack !!***"]
[Site "http://www.queenalice.com/game.php?id=311927"]
[Date "2007.11.30"]
[Round "-"]
[White "colognestar"]
[Black "Pretender"]
[Result "1-0"]
[WhiteElo "2094"]
[BlackElo "1911"]

1. Nf3 Nf6 2. g3 d5 3. Bg2 c5 4. O-O Nc6 5. d3 e6 6. Nbd2 Be7 7. e4 O-O 8. c3 b6
9. e5 Nd7 10. d4 Ba6 11. Re1 Bd3 12. Nf1 Be4 13. Qa4 Rc8 14. Bf4 Qc7 15. Rac1
Qb7 16. a3 b5 17. Qd1 b4 18. axb4 cxb4 19. Rxe4 dxe4 20. N3d2 bxc3 21. bxc3 1-0

[Event "***Chess Attack !!***"]
[Site "http://www.queenalice.com/game.php?id=313154"]
[Date "2007.12.2"]
[Round "-"]
[White "arauca"]
[Black "Pretender"]
[Result "1-0"]
[WhiteElo "2160"]
[BlackElo "1940"]

1. e4 c5 2. Nf3 d6 3. d4 cxd4 4. Nxd4 Nf6 5. Nc3 a6 6. f3 e5 7. Nb3 Be6 8. Be3
Nbd7 9. g4 Be7 10. Qd2 O-O 11. O-O-O b5 12. g5 b4 13. Ne2 1-0

[Event "Let's Play Chess!"]
[Site "http://www.queenalice.com/game.php?id=489209"]
[Date "2008.11.7"]
[Round "-"]
[White "sika"]
[Black "Pretender"]
[Result "0-1"]
[WhiteElo "950"]
[BlackElo "1863"]

1. e4 c5 2. Nf3 d6 3. Bc4 e6 4. Nc3 a6 5. Nd5 exd5 6. exd5 b5 7. Bd3 Nf6 8. O-O
Nxd5 9. h4 Be7 10. a4 Nf4 0-1

[Event "Preparation for Chess Olympiad i"]
[Site "http://www.queenalice.com/game.php?id=489218"]
[Date "2008.11.7"]
[Round "-"]
[White "cyrilledeLePin"]
[Black "Pretender"]
[Result "1-0"]
[WhiteElo "1907"]
[BlackElo "1837"]

1. e4 c5 2. c4 Nc6 3. Nc3 d6 4. d3 g6 5. g3 Bg7 6. Nge2 Bg4 7. Bg2 Nd4 8. Be3
Nxe2 9. Nxe2 Bxb2 10. Rb1 Bc3+ 11. Bd2 Bg7 12. Rxb7 Nf6 13. Qa4+ Bd7 14. Qa3 O-O
15. Rxa7 Rxa7 16. Qxa7 Qb8 17. Qxb8 Rxb8 18. Bc3 Ng4 19. Bxg7 Kxg7 20. O-O Rb2
21. Nc3 Ne5 22. Rd1 Rc2 23. Nd5 1-0

[Event "Preparation for Chess Olympiad i"]
[Site "http://www.queenalice.com/game.php?id=489225"]
[Date "2008.11.7"]
[Round "-"]
[White "MalucoO"]
[Black "Pretender"]
[Result "1-0"]
[WhiteElo "2144"]
[BlackElo "1850"]

1. e4 c5 2. Nf3 d6 3. d4 cxd4 4. Nxd4 Nf6 5. Nc3 a6 6. Bg5 e6 7. f4 Qb6 8. Rb1
Nc6 9. Nxc6 bxc6 10. Bd3 Be7 11. Bh4 Qe3+ 12. Qe2 Qxf4 13. Bg3 Qg5 14. O-O O-O
15. e5 dxe5 16. Bxe5 Bb7 17. a3 Rfd8 18. Rbe1 c5 19. Bf4 Qh5 20. Qf2 Ng4 21. Qg3
Bh4 22. Qh3 c4 23. Be4 Bxe4 24. Nxe4 Rd5 25. Ng3 Bxg3 26. Qxg3 e5 27. Be3 1-0

[Event "Preparation for Chess Olympiad i"]
[Site "http://www.queenalice.com/game.php?id=489226"]
[Date "2008.11.7"]
[Round "-"]
[White "MalucoO"]
[Black "Pretender"]
[Result "1-0"]
[WhiteElo "2129"]
[BlackElo "1871"]

1. e4 c6 2. d4 d5 3. Nc3 dxe4 4. Nxe4 Nd7 5. Nf3 Ngf6 6. Bd3 Nxe4 7. Bxe4 Nf6 8.
Bd3 Bg4 9. c3 e6 10. O-O Be7 11. Bf4 Qd5 12. Be2 O-O 13. h3 Bh5 14. Ne5 Bxe2 15.
Qxe2 Rad8 16. Rad1 Nd7 17. c4 Qa5 18. a3 Nxe5 19. Bxe5 Bd6 20. f4 Bxe5 21. fxe5
b5 22. d5 cxd5 23. cxd5 Qb6+ 24. Qf2 Qxf2+ 25. Rxf2 Rxd5 26. Rxd5 exd5 27. Rc2
d4 28. Kf2 1-0

[Event "Preparation for Chess Olympiad i"]
[Site "http://www.queenalice.com/game.php?id=489227"]
[Date "2008.11.7"]
[Round "-"]
[White "MalucoO"]
[Black "Pretender"]
[Result "1-0"]
[WhiteElo "2147"]
[BlackElo "1846"]

1. e4 c5 2. Nf3 d6 3. d4 cxd4 4. Nxd4 Nf6 5. Nc3 a6 6. Bg5 e6 7. f4 Qb6 8. Qd2
Qxb2 9. Nb3 Qa3 10. Bxf6 gxf6 11. Be2 Nc6 12. O-O Bd7 13. Bh5 Bg7 14. Kh1 O-O
15. Rad1 Qb4 16. Qxd6 Qxc3 17. Qxd7 Rab8 18. Qc7 Qc4 19. Rfe1 e5 20. Rd7 exf4
21. Qxf4 Ne5 22. Rd2 1-0

[Event "Preparation for Chess Olympiad i"]
[Site "http://www.queenalice.com/game.php?id=489228"]
[Date "2008.11.7"]
[Round "-"]
[White "Pretender"]
[Black "MalucoO"]
[Result "0-1"]
[WhiteElo "1865"]
[BlackElo "2133"]

1. Nf3 Nf6 2. g3 b5 3. Bg2 Bb7 4. O-O e6 5. d4 a6 6. a4 b4 7. Bg5 Be7 8. c3 a5
9. Bxf6 Bxf6 10. cxb4 axb4 11. Qb3 Na6 12. Nbd2 O-O 13. Rfc1 d6 14. e4 Rb8 15.
Bf1 c5 16. Bxa6 Bxa6 17. dxc5 dxc5 18. Rxc5 Be7 19. Rc6 Bb7 20. Rc4 Qa5 21. Qe3
Rfd8 22. Nb3 Qa6 23. Rd4 Rxd4 24. Nfxd4 Rc8 25. e5 Bd5 26. a5 h6 0-1

[Event "Preparation for Chess Olympiad i"]
[Site "http://www.queenalice.com/game.php?id=489229"]
[Date "2008.11.7"]
[Round "-"]
[White "MalucoO"]
[Black "Pretender"]
[Result "1-0"]
[WhiteElo "2150"]
[BlackElo "1842"]

1. e4 c6 2. Nf3 d5 3. exd5 cxd5 4. d4 Bg4 5. c4 e6 6. Nc3 Nf6 7. Bf4 Nc6 8. c5
Ne4 9. Bb5 Qa5 10. Bxc6+ bxc6 11. Bd2 Bxf3 12. gxf3 Nxd2 13. Qxd2 Be7 14. O-O
O-O 15. a3 e5 16. b4 Qc7 17. Ne2 Bf6 18. Rae1 exd4 19. Nxd4 Be5 20. Rxe5 Qxe5
21. Nxc6 Qc7 22. Qxd5 Rae8 23. Qd6 Qb7 24. Rc1 Re6 25. Nd8 Rxd6 26. Nxb7 Rd3 27.
c6 Rc8 28. a4 1-0

[Event "Preparation for Chess Olympiad i"]
[Site "http://www.queenalice.com/game.php?id=489230"]
[Date "2008.11.7"]
[Round "-"]
[White "MalucoO"]
[Black "Pretender"]
[Result "0-1"]
[WhiteElo "2070"]
[BlackElo "1838"]

1. e4 c5 2. c3 d5 3. exd5 Qxd5 4. d4 Nf6 5. Nf3 Bg4 6. Be2 e6 7. O-O Nc6 8. Be3
cxd4 9. Nxd4 Bxe2 10. Qxe2 Be7 11. Nd2 Nxd4 12. Bxd4 O-O 13. a3 Rfd8 14. Rad1 a6
15. Nf3 Qc6 16. Rfe1 Nd5 17. Ne5 Qc7 18. Qf3 Bf6 19. g3 b5 20. h4 a5 21. h5 h6
22. Re4 b4 23. axb4 axb4 24. cxb4 Nxb4 25. Bc3 Rxd1+ 26. Qxd1 Nd5 27. Bd4 Qb7
28. Ng4 Bxd4 29. Qxd4 f5 30. Rxe6 Nf4 0-1

[Event "Preparation for Chess Olympiad i"]
[Site "http://www.queenalice.com/game.php?id=489231"]
[Date "2008.11.7"]
[Round "-"]
[White "MalucoO"]
[Black "Pretender"]
[Result "1-0"]
[WhiteElo "2141"]
[BlackElo "1855"]

1. e4 c5 2. b4 cxb4 3. d4 d5 4. e5 Nc6 5. Nf3 Bf5 6. a3 e6 7. Bd2 a6 8. axb4
Nxb4 9. Bxb4 Bxb4+ 10. c3 Be7 11. Qa4+ Kf8 12. Nbd2 Rc8 13. Qb3 Qc7 14. c4 dxc4
15. Bxc4 Nh6 16. h3 g5 17. Qe3 Rg8 18. g4 Bc2 19. O-O b5 20. Be2 Qb7 21. Rfc1
Bb4 22. Nxg5 Nf5 23. gxf5 h6 24. Bf3 Qd7 25. fxe6 fxe6 26. Kh2 Rxg5 27. Ne4 1-0

[Event "Let's Play Chess!"]
[Site "http://www.queenalice.com/game.php?id=489307"]
[Date "2008.11.7"]
[Round "-"]
[White "lekobr"]
[Black "Pretender"]
[Result "1-0"]
[WhiteElo "1628"]
[BlackElo "1799"]

1. e4 c5 2. Nf3 d6 3. d4 cxd4 4. Nxd4 Nf6 5. Nc3 a6 6. Be2 e5 7. Nb3 Be7 8. O-O
O-O 9. Be3 Be6 10. Qd2 Nbd7 11. a4 Rc8 12. a5 Nc5 13. Nxc5 dxc5 14. Qxd8 Rfxd8
15. Rfd1 Kf8 16. Rxd8+ Rxd8 17. Rd1 Ke8 18. Rxd8+ Kxd8 19. f3 Kc7 20. Na4 Nd7
21. g4 c4 22. Nb6 Nxb6 23. Bxb6+ Kc6 24. Kf1 1-0

[Event "Let's Play Chess!"]
[Site "http://www.queenalice.com/game.php?id=489309"]
[Date "2008.11.7"]
[Round "-"]
[White "lekobr"]
[Black "Pretender"]
[Result "1-0"]
[WhiteElo "1651"]
[BlackElo "1776"]

1. d4 d5 2. c4 c6 3. Nc3 dxc4 4. a4 e5 5. e3 exd4 6. exd4 Be6 7. Nf3 Nd7 8. Nd2
Ngf6 9. Bxc4 Bxc4 10. Nxc4 Bb4 11. O-O O-O 12. Qc2 h6 13. Bf4 Nb6 14. Nxb6 Qxb6
15. Be5 Nd7 16. Rfd1 Nxe5 17. dxe5 Rae8 18. Re1 Re7 19. Kh1 Rfe8 20. f4 Rd7 21.
Rad1 1-0

[Event "Let's Play Chess!"]
[Site "http://www.queenalice.com/game.php?id=489318"]
[Date "2008.11.7"]
[Round "-"]
[White "lekobr"]
[Black "Pretender"]
[Result "1-0"]
[WhiteElo "1622"]
[BlackElo "1863"]

1. g3 d5 2. Nf3 c6 3. Bg2 Nf6 4. d4 Bf5 5. O-O h6 6. Nbd2 Nbd7 7. c4 e6 8. a3
Bd6 9. cxd5 exd5 10. Re1 O-O 11. Nh4 Bh7 12. e4 dxe4 13. Nxe4 Nxe4 14. Bxe4 Bxe4
15. Rxe4 Nf6 16. Re1 Qd7 17. Kg2 Rfe8 18. Nf3 Rad8 19. b4 Rxe1 20. Qxe1 1-0

[Event "Let's Play Chess!"]
[Site "http://www.queenalice.com/game.php?id=489319"]
[Date "2008.11.7"]
[Round "-"]
[White "Pretender"]
[Black "lekobr"]
[Result "1-0"]
[WhiteElo "1865"]
[BlackElo "1611"]

1. Nf3 c5 2. c4 Nc6 3. Nc3 Nf6 4. g3 b6 5. Bg2 Bb7 6. O-O d5 7. d4 dxc4 8. d5
Nb8 9. e4 g6 10. Qa4+ Nbd7 11. Rd1 Bg7 12. e5 Ng8 13. e6 fxe6 14. dxe6 Kf8 15.
Rxd7 Qc8 16. Rxb7 1-0

[Event "Preparation for Chess Olympiad i"]
[Site "http://www.queenalice.com/game.php?id=489728"]
[Date "2008.11.7"]
[Round "-"]
[White "MalucoO"]
[Black "Pretender"]
[Result "1-0"]
[WhiteElo "2013"]
[BlackElo "1807"]

1. e4 c5 2. Nf3 d6 3. d4 Nf6 4. Nc3 cxd4 5. Nxd4 a6 6. Bg5 e6 7. f4 Qb6 8. Nb3
Be7 9. Qd2 Nc6 10. O-O-O Bd7 11. Be2 O-O-O 12. Bf3 Kb8 13. Bh4 Bc8 14. Bf2 Qc7
15. g4 Na5 16. g5 Nxb3+ 17. axb3 Nd7 18. Rhe1 h6 19. h4 hxg5 20. hxg5 b5 21. Kb1
Bb7 22. Qe3 Ba8 23. Rh1 Rc8 24. Ne2 Rxh1 25. Rxh1 Qxc2+ 26. Ka2 Qc5 27. Nd4 Bd8
28. Qd2 Bb6 29. Rh2 Qc7 30. Rh7 e5 31. Nf5 Bxf2 32. Qxf2 1-0

[Event "Preparation for Chess Olympiad i"]
[Site "http://www.queenalice.com/game.php?id=489729"]
[Date "2008.11.7"]
[Round "-"]
[White "MalucoO"]
[Black "Pretender"]
[Result "1-0"]
[WhiteElo "1996"]
[BlackElo "1824"]

1. f4 d6 2. b3 c5 3. Nf3 Bg4 4. Bb2 Nc6 5. e3 e6 6. Be2 Nf6 7. O-O Be7 8. d3 O-O
9. Nbd2 Nd5 10. Nc4 b5 11. e4 Nxf4 12. Ne3 Bh5 13. c4 a6 14. a4 Rb8 15. axb5
axb5 16. Ra6 Nb4 17. Ra7 Bf6 18. Bxf6 Qxf6 19. g3 Nxe2+ 20. Qxe2 Nc6 21. Rc7 Nd4
22. Nxd4 Bxe2 23. Rxf6 cxd4 24. Rf2 Bxd3 25. Nf1 Bxe4 26. Nd2 f5 27. Rd7 bxc4
28. Nxc4 Rfd8 29. Rxd6 Rxd6 30. Nxd6 Rxb3 31. Ra2 Rb1+ 32. Kf2 1-0

[Event "Preparation for Chess Olympiad i"]
[Site "http://www.queenalice.com/game.php?id=489730"]
[Date "2008.11.7"]
[Round "-"]
[White "Pretender"]
[Black "MalucoO"]
[Result "0-1"]
[WhiteElo "1815"]
[BlackElo "2005"]

1. Nf3 Nf6 2. g3 b5 3. Bg2 Bb7 4. a4 b4 5. d4 e6 6. Bg5 a5 7. c3 c5 8. cxb4 cxb4
9. Nbd2 Be7 10. Bxf6 Bxf6 11. O-O O-O 12. e4 d6 13. Re1 Nd7 14. e5 dxe5 15. dxe5
Be7 16. Ne4 Nc5 17. Nxc5 Bxc5 18. Re2 Qb6 19. Ng5 Bxg2 20. Kxg2 h6 21. Ne4 Rad8
22. Rd2 Qb7 23. Rxd8 Qxe4+ 24. f3 Qxe5 25. Rxf8+ Bxf8 26. Qd2 Bc5 27. Re1 Qf6
28. Re4 Qf5 29. Rc4 Be7 30. Rc8+ Kh7 31. Qc2 Qxc2+ 32. Rxc2 Bf6 0-1

[Event "Preparation for Chess Olympiad i"]
[Site "http://www.queenalice.com/game.php?id=489731"]
[Date "2008.11.7"]
[Round "-"]
[White "MalucoO"]
[Black "Pretender"]
[Result "1-0"]
[WhiteElo "2137"]
[BlackElo "1860"]

1. a3 c6 2. b4 a5 3. Bb2 d5 4. c3 e5 5. e3 Nf6 6. d4 Bd6 7. Nf3 Bg4 8. Be2 Nbd7
9. dxe5 Bxf3 10. exf6 Bxe2 11. fxg7 Rg8 12. Qxe2 Rxg7 13. g3 Qf6 14. O-O Ne5 15.
Nd2 Ng6 16. e4 Nf4 17. Qe3 Be7 18. exd5 Nxd5 19. Qf3 axb4 20. axb4 Rxa1 21. Rxa1
Qxf3 22. Nxf3 Bf6 23. Rc1 Nxb4 24. Re1+ Kd8 25. cxb4 Bxb2 26. Nh4 Bc3 27. Re4
1-0